Trabajo, consumismo y nuevos pobres
Guardat en:
| Autor principal: | |
|---|---|
| Format: | Llibre |
| Idioma: | espanyol |
| Publicat: |
Barcelona
Gedisa
2000
|
| Edició: | 1a. ed |
| Col·lecció: | Sociología Serie Cla-De-Ma
|
| Matèries: | |
| Etiquetes: |
Afegir etiqueta
Sense etiquetes, Sigues el primer a etiquetar aquest registre!
|
MARC
| LEADER | 00000nam a2200000 a 4500 | ||
|---|---|---|---|
| 001 | UCI9784 | ||
| 003 | CL-VaPUC | ||
| 008 | 081212e20000000SP |||||||||||||||||spa|d | ||
| 020 | |a 9788474327502 | ||
| 082 | 0 | 4 | |a 331.01 |b BAU |2 21 |
| 100 | 0 | |a Bauman, Zygmunt |e author |9 533715 | |
| 245 | 1 | 0 | |a Trabajo, consumismo y nuevos pobres |
| 250 | |a 1a. ed | ||
| 300 | |a 155 p | ||
| 942 | |c BK | ||
| 945 | |d 20081212 00:00:00 |a rbrito | ||
| 260 | |a Barcelona |b Gedisa |c 2000 | ||
| 650 | 0 | |a Interacción social |9 307764 | |
| 650 | 7 | |a ETICA LABORAL |2 CL-VaPUC |9 351660 | |
| 650 | 0 | |a Trabajo y empleo |9 315054 | |
| 650 | 7 | |a CONSUMISMO |2 CL-VaPUC |9 533716 | |
| 650 | 7 | |a SOCIEDAD DE CONSUMO |2 CL-VaPUC |9 354846 | |
| 583 | |a last modification |c 20081212 00:00:00 |k Rodrigo Vera | ||
| 490 | 0 | |a Sociología Serie Cla-De-Ma | |
| 999 | |c 332251 |d 332249 | ||
| 952 | |0 0 |1 0 |4 0 |6 331_010000000000000_BAU_2000 |7 0 |8 A |9 419771 |a BIBGIM |b BIBGIM |d 2019-11-22 |i 4503651 |l 1 |m 2 |o 331.01 BAU 2000 |p 4503651 |r 2025-01-15 |s 2024-03-18 |w 2019-11-22 |y BK |k SSL | ||